[Event "Bundesliga 0506"]
[Site "Germany"]
[Date "2006.04.01"]
[Round "14.3"]
[White "Acs, Peter"]
[Black "Areshchenko, Alexander"]
[Result "0-1"]
[WhiteElo "2518"]
[BlackElo "2670"]
[Annotator "Areshchenko/Meyer,CD"]
[PlyCount "58"]
[EventDate "2005.10.21"]
[EventType "team-tourn"]
[EventRounds "15"]
[EventCountry "GER"]
[SourceTitle "CBM 112"]
[Source "ChessBase"]
[SourceDate "2006.06.07"]
[SourceVersion "1"]
[SourceVersionDate "2006.06.07"]
[SourceQuality "1"]
[WhiteTeam "Eppingen"]
[BlackTeam "Werder Bremen"]
[WhiteTeamCountry "GER"]
[BlackTeamCountry "GER"]

1. d4 d5 2. Nf3 Nf6 3. c4 c6 4. Nc3 e6 5. e3 Bd6 6. Bd3 dxc4 7. Bxc4 b5 8. Bd3
Nbd7 9. O-O O-O 10. Bd2 (10. Ng5 $5 {(/\f4 und/oder Ng5-e4)} a6 (10... Bb7 11.
f4 h6 12. Nf3 b4 13. Ne4 Nxe4 14. Bxe4 Nf6 $11 {, dennoch 1:0/41, Muhammad -
Kleiman, San Diego 2004}) 11. Bd2 Bb7 12. Nce4 Nxe4 13. Nxe4 Be7 14. b4 {
1:0/66, Bruzon Bautista - Dominguez, Santa Clara 2005}) 10... Bb7 11. a3 (11.
Rc1 Rc8 12. Ne2 b4 13. e4 Be7 14. e5 Nd5 15. Ng3 c5 $13 {~~ lt. ECO (D4),
remis/26, Jussupow - Zvaginsev, Essen 2002 und 0:1/69, Gustafsson - Graf,
Dresden 2003}) 11... Re8 $6 ({I} 11... e5 12. Qc2 Qe7 13. Ng5 $1 $14) ({II} 
11... Qe7 $1 12. Qc2 (12. Ng5 h6 13. Nge4 Nxe4 14. Nxe4 c5 15. Nxd6 Qxd6 {
remis/39, Gelfand - Shirov, Dortmund 2002}) (12. Rc1 a6 13. Ne4 c5 14. Nxd6
Qxd6 {remis, Nogueiras - Kramnik, Moskau 1994}) 12... h6 (12... Rfc8 $5)) 12.
Qc2 h6 13. Rfd1 Qe7 14. Ne2 $6 ({I} 14. Ne4 Nxe4 15. Bxe4 $13) ({II} 14. Rac1
a6 15. b4 a5 (15... e5 16. Nh4 Bc7 (16... g6 $4 17. Bxg6) 17. Nf5 Qe6 18. f3
exd4 19. exd4 $13)) 14... Rac8 $1 {Läßt die Qc2 und den Ne2 etwas ungeschickt
dastehen, während die thematischen Hebel e5/c5 noch nicht überzeugen können:} (
{I} 14... e5 $6 15. dxe5 Nxe5 16. Nxe5 Qxe5 17. Ng3 {/\Bc3}) ({II} 14... c5 $6
15. Bxb5 Reb8 16. Nc3 Bxf3 17. gxf3 cxd4 18. exd4 Rd8 19. Kh1 Nh5 20. Rg1 Qh4
21. Rg2 $14) 15. b4 $6 ({I} 15. Ng3 $6 c5) ({II} 15. Bc3 $142 $13) 15... e5 $1
$36 {Gut getimt, da Weiß wegen der Drohung e5-e4 auf unattraktive Weise
reagieren muß.} 16. e4 {Auch die Alternativen zeigen, daß Schwarz die
Initiative ergriffen hat und die Stellung außerordentlich kompliziert geworden
ist.} ({I} 16. dxe5 Nxe5 17. Nxe5 Bxe5 (17... Qxe5 $2 18. f4 Qe7 19. Ng3 Bc7
20. Nf5 Qe6 $13) 18. Rac1 $5 (18. Bc3 c5 $1 (18... Bxc3 $6 19. Qxc3 $14) 19.
Bxe5 (19. Bxb5 $2 Bxh2+ $3 20. Kf1 (20. Kxh2 $2 Ng4+ 21. Kg1 (21. Kg3 Qg5 $19)
21... Qh4 22. Qf5 Qh2+ 23. Kf1 Qxg2+ 24. Ke1 Bf3 $19) 20... Ne4 $1 21. Bxe8
Rxe8 $19 {mit durchschlagendem Angriff}) 19... Qxe5 $15 20. Qc3 (20. Bxb5 $2
cxb4 21. Qa4 Ng4 22. Nf4 (22. Ng3 Nxf2 $1 23. Bxe8 Qxe3 24. Kf1 Ng4 $19) (22.
Bxe8 $2 Qxh2+ {nebst Matt in 4}) 22... Nxf2 $1 23. Rf1 (23. Re1 Re7 24. Kxf2 g5
25. Kg1 gxf4 $19) 23... Re7 24. Rae1 Ne4 $17) (20. bxc5 $6 Rxc5) 20... c4 21.
Qxe5 Rxe5 22. Bc2 $15) 18... c5 $1 19. Bxb5 cxb4 $36) ({II} 16. Bf5 $6 {
mit der Idee eines Bauernopfers nach} e4 17. Ne5 Bxe5 (17... Nxe5 $2 18. dxe5
Bxe5 (18... Qxe5 19. Ng3 Rcd8 20. Bc3) 19. Bxc8 Bxc8 20. Bc3 $14 {(20...Bxh2+?)
}) 18. dxe5 Qxe5 19. Bh3 {ist vermutlich unzureichend:} (19. Ng3 c5) 19... Rc7
$1 (19... Rcd8 $6 20. Bc3 Qe7 21. Ng3 g6 22. Bd4) 20. Bc3 Qg5 21. Bd4 c5) 16...
exd4 $6 ({Kein guter Moment für diese Zentrumsaktion, die ja auch eine
Aktivierung des Ne2 nach d4 (und f5) in Kauf nimmt. Das prophylaktische} 16...
Bb8 $1 {(Plan 17...exd4 18.Nexd4 c5 19.Nf5? De6!) wäre stärker gewesen:} 17.
Ng3 (17. dxe5 Nxe5 18. Nxe5 Bxe5 19. Rac1 c5 $1 $15) (17. Bc3 exd4 18. Nfxd4 c5
19. Nf5 Qe6 20. Qb2 (20. bxc5 $2 Nxc5 $17) 20... Bxe4 21. Bxe4 Qxe4 22. Nxg7 (
22. Neg3 Bxg3 23. Nxg3 Qg4 24. bxc5 Rxc5 $15) 22... Kxg7 23. Rxd7 Qxe2 24.
Bxf6+ Kg6 25. Qxe2 Rxe2 $15) (17. Be3 Ng4 18. Ng3 Nxe3 19. fxe3 g6 $15) 17...
exd4 18. Nf5 Qf8 19. N3xd4 c5 $40 20. bxc5 Nxc5 21. Bxb5 Rxe4 $15) 17. Nexd4 {
Hier wähnte sich der junge Ukrainer in Nachteil und meinte, die Stellung
mittels zweischneidiger Bauernopfer weiter verschärfen und komplizieren zu
müssen. Dabei wäre die konsequente Fortsetzung, nämlich der befreiende Hebel
c5, im Ausgleichssinne spielbar gewesen.} g6 $2 {Verliert eine klare Linie und
sucht sein Heil in Verwicklungen. Alternativen:} ({I} 17... Bb8 $2 18. Nf5 Qf8
(18... Qe6 $2 19. N3d4 Qe5 20. f4 Qc7 21. e5) 19. Qc1 c5 20. Nxh6+ Kh8 21. Bxb5
Bxe4 22. Ng5 gxh6 (22... Bg6 23. Qb2 $1 Be5 24. Bc3 gxh6 25. Bxd7 Nxd7 26. Nf3
$1 $16) 23. Bxd7 hxg5 24. Bxc8 Rxc8 25. Bxg5 Ng4 26. Bf4 Qg7 27. Bxb8 Nxf2 28.
Bg3 $16) ({II} 17... Ne5 $2 18. Nf5 Nxf3+ 19. gxf3 Qe6 20. Nxd6 Qxd6 21. Be3 (
21. f4 $4 c5 $1) 21... Nd7 (21... Qe6 22. Qc5 $16) 22. Qb2 $16) ({III} 17... c5
$1 {war jedoch okay für Schwarz:} 18. Nf5 (18. Nxb5 Bb8 $1 $36 19. bxc5 Nxc5
20. Bb4 Nfxe4 $15) 18... Qf8 19. Nxd6 (19. Bxh6 $2 gxh6 20. Nxd6 Qxd6 21. e5
Qb6 22. exf6 Bxf3 23. gxf3 Ne5 $17) 19... Qxd6 20. Bxb5 Bxe4 21. Be3 Nd5 22.
Qe2 cxb4 23. axb4 Rc2 24. Rd2 Rxd2 25. Nxd2 Nc3 26. Qc4 Nxb5 27. Nxe4 Qe5 $11)
18. Bxh6 c5 19. Nxb5 Bb8 $1 {Noch die beste Chance, allerdings sind die
dunklen Felder am Königsflügel nun dummerweise empfindlich geschwächt.} (19...
cxb4 $2 {scheitert an} 20. Nxd6 $1 Rxc2 (20... Qxd6 21. Qb2) 21. Bxc2 $18) 20.
bxc5 $2 ({Jetzt stolpert Weiß, seinen Vorteil solide festgehalten hätte} 20.
Bg5 $1 {, z.B.} a6 (20... cxb4 21. Qb2 (21. Qb1) 21... bxa3 22. Nxa3 $1 (22.
Rxa3 Bxe4) 22... Ne5 (22... Ba8 $2 23. Ba6 $18) 23. Nc4 $5 $16 Nxc4 24. Bxc4
Rxc4 25. Bxf6 Qb4 26. Rdb1 Qxb2 27. Rxb2 Ba8 28. Nd2 Rcc8 29. f3) 21. Nc3 cxb4
(21... c4 22. Bf1 $16) 22. axb4 Qxb4 (22... Ne5 $2 23. Bxa6) 23. Rab1 Qxc3 24.
Qxc3 Rxc3 25. Rxb7 $16) 20... Rxc5 ({Nun ist die Position schon eher nach dem
Geschmack von Areshchenko, der gerne aktiv und dynamisch auftritt. Weniger gut
war} 20... Nxc5 $6 21. Qb2 a6 22. Bg5 Nxd3 23. Rxd3 Qxe4 24. Nd6 Qxd3 25. Nxe8
Rxe8 26. Qxb7 (26. Qxf6 $2 Qd6) 26... Ne4 27. Re1 (27. Be3 Bd6 28. Qc6 Rb8 29.
g3 $14) 27... Qb5 28. Qxb5 axb5 29. Kf1 f6 30. Be3 Bd6 $14) 21. Qd2 $5 {
Keine leichte Wahl, da etwa gleichwertige Alternativen zur Verfügung standen:}
({I} 21. Qb2 Ne5 (21... Rh5 $2 22. Bg5 Ne5 23. h4 Nxf3+ 24. gxf3 Be5 25. Nd4
$16) 22. Be3 (22. Nbd4 Nxe4 $44) 22... Nxe4 $5 (22... Nxf3+ $6 23. gxf3 Rh5 24.
Rab1 a6 25. Nd4 Bxh2+ 26. Kf1 $14 {und der König findet ein relativ sicheres
Refugium auf e2}) (22... Nxd3 $2 23. Rxd3 Rh5 24. Rb3 Bxe4 25. Nc3 $1 Be5 26.
Nxe5 Qxe5 27. f4 $16) 23. Be2 Nxf3+ 24. Bxf3 Nxf2 25. Qxf2 Rxb5 $13 {/=}) ({II
} 21. Qe2 Nxe4 22. Rac1 a6 23. Nbd4 Rh5 $13) 21... Ne5 (21... Nxe4 $6 22. Bxe4
Bxe4 23. Qxd7 Qxd7 24. Rxd7 Rxb5 (24... Bxf3 $2 25. Nd6 Bxd6 26. Rxd6 $16) 25.
Re1 Rb1 26. Rxb1 Bxb1 27. Be3 Bf5 $14) 22. Nbd4 $2 ({Nun beginnt die Partie
zugunsten von Schwarz umzukippen, während} 22. Be3 $1 {mindestens gleiches
Spiel gegeben hätte:} Nxe4 23. Bxe4 Rxb5 (23... Nxf3+ 24. Bxf3 Bxf3 25. gxf3
Rxb5 26. Qd7 Qxd7 27. Rxd7 a6 28. Rad1 $14) 24. Bxb7 Rxb7 25. Nxe5 Bxe5 26.
Rac1 (26. Ra2 Bf4 $1 $11) 26... Qxa3 27. Qd5 Rbb8 $11) 22... Bxe4 $1 23. Bxe4 (
23. Be2 Nxf3+ 24. Bxf3 Rd5 $17) 23... Nxe4 24. Qb2 $2 ({Der letzte und
vorentscheidende Fehler, wonach der feindliche Druck übermächtig wird. Allein} 
24. Qb4 $5 {hätte zähen Widerstand geleistet, z.B.} Bd6 $40 25. Be3 (25. Qb3 $2
Rb8) (25. Qb2 $2 Qf6 $1 26. Nxe5 Bxe5 27. Be3 Rb8 {siehe Anmerkung zu 25.Qb4,
Variante I 25.Nxe5}) 25... Nc3 {(Kardinaldrohung Rb8!)} 26. Nxe5 Nxd1 27. Ndc6
Rxc6 28. Nxc6 Qc7 29. Qa5 Bxh2+ 30. Kh1 Nxe3 31. fxe3 Qxa5 (31... Qd6 32. Qb4)
(31... Rxe3 32. Qxa7) 32. Nxa5 Bg3 33. Nc6 a6 34. Nb4 a5 35. Nd5 Re5 36. Rd1
Bf2 {xe3 -/+}) 24... Qf6 $1 {Wirft die vernichtende Mehrfachdrohung 25...Nxf3+
26.gxf3 Qh4 bzw. 25...Qh8 und 25...g5 auf, welche vom Verteidiger nicht
umfassend pariert werden kann.} 25. Qb4 ({I} 25. Nxe5 Bxe5 26. Be3 Rb8 27. Qe2
Nc3 (27... Bxh2+ $6 28. Kxh2 Qh4+ 29. Kg1 Rh5 30. Qxh5 Qxh5 31. Nc6 Re8 32. Bd4
$17) 28. Qc2 Rd8 $1 29. Ne6 Nxd1 30. Bxc5 Qxe6 31. Rxd1 Rc8 $19 {mit tödlicher
Fesselung}) ({II} 25. Be3 Nxf3+ 26. gxf3 Nc3 27. Rd3 Bxh2+ $40 {-+} 28. Kf1 (
28. Kg2 Rxe3 29. fxe3 Rg5+ 30. Kh1 Bd6 31. f4 Qh8+ 32. Qh2 Rh5) (28. Kxh2 Qh4+
29. Kg2 Rh5) 28... Be5 29. Qd2 Nd5 30. Re1 Qh4 31. Ke2 Nf4+) ({III} 25. Rab1
Nc3 26. Qb4 Bd6 $19) 25... Ng4 $5 ({Auch nicht von Pappe, indes erscheint die
Ausführung der erwähnten Drohung} 25... Nxf3+ {naheliegender und zwingender:}
26. Nxf3 (26. gxf3 Qh4 27. fxe4 Qxh2+ 28. Kf1 Rxe4 29. Be3 Rxe3 30. fxe3 Rg5
$19) 26... Rh5 27. Be3 Bxh2+ 28. Kf1 (28. Nxh2 Qh4 $19) 28... Qa6+ 29. Ke1 Be5
$19) 26. Qa4 ({Auf} 26. Be3 {wäre} Bxh2+ $1 {die Pointe:} 27. Nxh2 (27. Kh1 Qh8
$19) (27. Kf1 Nxe3+ 28. fxe3 Qa6+ 29. Ke1 Bg3#) 27... Nxe3 28. Ndf3 (28. fxe3
Qf2+ 29. Kh1 Ng3#) (28. Nhf3 Nxd1 29. Rxd1 Rh5 30. g3 (30. Ne2 Rh1+ 31. Kxh1
Nxf2+ 32. Kg1 Nxd1 $19) 30... Rd5 31. Rd3 Red8 32. Kg2 g5 33. g4 Qf4 $19) 28...
Nxd1 29. Rxd1 a5 30. Qa4 Qc6 31. Qxc6 Rxc6 $19 {mit technischer Gewinnstellung}
) 26... Rec8 ({Oder} 26... Bxh2+ 27. Kf1 Rcc8 $19) 27. Re1 Bxh2+ 28. Kf1 Nc3
29. Re8+ (29. Qxa7 Nxh6) 29... Kh7 {Ein letztlich verdienter Sieg des
ukrainischen Meisters, der ziemlich verwegen und kaltblütig aufgetreten ist.}
0-1

[Event "Novi Sad TS 80th"]
[Site "Novi Sad"]
[Date "2018.07.05"]
[Round "9"]
[White "Erigaisi, Arjun"]
[Black "Atalik, Suat"]
[Result "1/2-1/2"]
[WhiteElo "2505"]
[BlackElo "2512"]
[Annotator "Atalik,S"]
[PlyCount "22"]
[EventDate "2018.06.30"]
[EventType "tourn"]
[EventRounds "9"]
[EventCountry "SRB"]
[EventCategory "7"]
[SourceTitle "CBM 186"]
[Source "ChessBase"]
[SourceDate "2018.09.14"]
[SourceVersion "1"]
[SourceVersionDate "2018.09.14"]
[SourceQuality "1"]

1. d4 d5 2. c4 e6 3. Nc3 c6 4. e3 Nf6 5. Nf3 Nbd7 6. Bd3 dxc4 7. Bxc4 b5 {
Another Meran.} 8. Bd3 b4 9. Ne4 Nxe4 10. Bxe4 Bb7 11. O-O Bd6 (11... Bd6 12.
a3 bxa3 13. b4 $1 $44) 1/2-1/2

[Event "Groningen op"]
[Site "Groningen"]
[Date "1998.12.20"]
[Round "2"]
[White "Atalik, Suat"]
[Black "Van Kooten, Luuk"]
[Result "1-0"]
[WhiteElo "2585"]
[BlackElo "2355"]
[Annotator "Atalik,S"]
[PlyCount "63"]
[EventDate "1998.12.??"]
[EventType "swiss"]
[EventRounds "11"]
[EventCountry "NED"]
[SourceTitle "EXT 2002"]
[Source "ChessBase"]
[SourceDate "2001.11.25"]
[SourceVersion "1"]
[SourceVersionDate "2001.11.25"]
[SourceQuality "1"]

1. d4 d5 2. c4 c6 3. Nf3 Nf6 4. Nc3 e6 5. e3 Nbd7 6. Bd3 dxc4 7. Bxc4 b5 8. Be2
{Not equally popular as 8. Bd3 but still chosen quite frequently.} a6 (8... Be7
9. a3 $1 {and black can not prevent 10.e4} (9. O-O O-O 10. a3 $1)) (8... b4 9.
Na4 Bb7 (9... Qa5 10. O-O Ba6 11. Bxa6 Qxa6 12. a3 $14) 10. O-O Be7 11. a3 a5
12. Qc2 O-O 13. Rd1 c5 14. Nxc5 Nxc5 15. dxc5 Qc7 16. axb4 axb4 17. Bd2 Qxc5
18. Qxc5 Bxc5 19. Ne5 Be7 {only move otherwise 20. Nd3 will be nasty.} 20. f3
$14) (8... Bb7 9. O-O Be7 (9... Bd6 10. e4 e5 11. d5 $5) (9... a6 10. e4 c5 11.
e5 Nd5 12. a4 b4 (12... Nxc3 13. bxc3 c4 14. Ng5 Bd5 (14... Be7 15. Bf3) 15.
Bh5 g6 16. Bf3) 13. Ne4 Qc7 (13... Rc8 14. Bg5 Qb6 15. a5 Qa7 16. Nfd2 $16) (
13... h6 14. Nfd2 Be7 15. Nc4 O-O 16. Ncd6 Bc6 17. Nxc5 Bxd6 18. exd6 Qb8 (
18... Nb8 19. Ne4 a5 20. Re1) (18... a5 19. Qd3 Qh4 20. Rd1 $1) 19. Nxa6 Qxd6
20. Qb3 Bb7 21. Nc5 Nxc5 22. dxc5 Qxc5) (13... Be7 14. Bg5 O-O (14... Ne3 15.
Bxe7 Qxe7 (15... Nxd1 16. Bxd8 Bxe4 17. Rfxd1 $16) 16. Qd3 $1 Bxe4 17. Qxe4 Nd5
18. a5 $1 $14 {Shirov}) 15. Bxe7 Qxe7 16. Nd6 $16) (13... cxd4 14. Bg5 Qb8 (
14... Qa5 15. Qxd4 h6 16. Bh4 Qb6 17. Bg3 Qxd4 18. Nxd4 Nc5 19. Nxc5 Bxc5 20.
Nb3 Bb6 21. a5 Ba7 22. Rfc1 Kd7 23. Nc5+ Bxc5 24. Rxc5 Rhc8 25. Rcc1 $1) 15.
Qxd4 h6 16. Bh4 Qa7 17. Bg3 $5 {may well be the best} (17. Qd2 Ne3 18. fxe3 (
18. Nd6+ Bxd6 19. Qxd6 Nf5 20. Qxb4 Rb8) 18... Bxe4) (17. Qxa7 Rxa7 18. Bg3 (
18. Rfc1 $2 Nf4 19. Bf1 g5)) (17. Rfd1 Qxd4 18. Rxd4 Rc8 19. Bc4 N7b6 20. Bb3))
14. a5 (14. Re1 h6 15. b3 Be7 (15... Nc3 16. Nxc3 bxc3 17. Ba3) 16. Bb2) 14...
h6 15. Qd3 $1 Be7 16. Bd2 O-O 17. Rfc1 Rfc8 18. Ne1 $1 $40) 10. e4 b4 11. e5
bxc3 12. exf6 Bxf6 (12... Nxf6 13. bxc3 O-O 14. Rb1 Qc7 (14... Qc8 15. Qb3 Ba6
16. Bxa6 Qxa6 17. Bg5) 15. Bf4 Qxf4 16. Rxb7 Bd6 (16... Nd5 17. g3 Qd6 18. c4
Nc3 19. Qc2 Nxe2+ 20. Qxe2 Bf6 21. Ne5 Rad8 22. Re1 a5 23. c5 Qd5 24. Rc7 Bxe5
25. Qxe5 Qxd4 26. Qxd4 Rxd4 27. Re2 $11) 17. g3 Qf5 18. Qa4 Ne4 19. Rc1 c5 20.
Qc2 Qd5 21. Rb3 Nf6 22. c4 Qc6 23. d5 exd5 24. cxd5 Qc7 $1 $11 {Chernin}) 13.
bxc3 O-O (13... c5 14. dxc5 O-O 15. Ba3 Be7 16. Qd4 Qc7 17. Rab1 Bd5 18. c4 Bc6
19. Qe3 Ba4 20. Nd4 $5 (20. c6 Bxa3 21. Qxa3 Bxc6 22. Rfd1 Be4 23. Rbc1)) 14.
Rb1 Qc8 15. Qd3 $5) 9. e4 b4 10. e5 bxc3 11. exf6 cxb2 $6 (11... Nxf6 12. bxc3
Bd6 13. Nd2 $1 (13. Qa4 Bd7 14. Ne5 c5 15. Nxd7 Qxd7 16. Qxd7+ Kxd7 17. Bf3 Ra7
(17... Rab8 18. dxc5 Bxc5 19. Bf4 Rb6)) 13... O-O 14. Bf3 (14. Nc4 Be7 15. Bf3
Qc7 (15... Bb7 16. Rb1) 16. Bg5 Nd5 17. Bxe7 Qxe7 18. Qb3 c5 19. Qa3 Rb8 20.
dxc5) 14... Qc7 15. Nc4 Be7 16. Ne5 $14) 12. fxg7 Bxg7 13. Bxb2 Qa5+ (13... O-O
14. O-O) 14. Nd2 c5 (14... Rb8 15. Qc1 $1 (15. Qc2 c5 16. Bc3 Qc7 17. d5 (17.
dxc5 Qxc5) 17... Bxc3 18. Qxc3 Qe5 19. Qxe5 Nxe5 20. Rc1 $14) 15... Rxb2 (15...
Qg5 16. O-O c5 17. Nb3 Qxc1 18. Raxc1) 16. Qxb2 c5 17. Rc1 $16) 15. O-O Bb7 (
15... cxd4 16. Nc4 Qd5 17. Rc1 $1 $16) 16. Nb3 $2 (16. Nc4 {The most natural
move.} Qc7 17. Rc1 $16) 16... Qa4 $1 17. Qd2 Rg8 $1 18. f3 c4 19. Na5 Bd5 20.
Rfb1 Nf6 21. Bc3 (21. Bd1 Qd7) 21... Bf8 22. Bd1 Qa3 (22... Qd7 23. Qf4 Be7 24.
Rb8+ Rxb8 (24... Bd8 25. Rab1) 25. Qxb8+ Bd8 (25... Qd8 26. Rb1 $16) 26. Rb1
$14) 23. Rc1 Rc8 (23... Rg6 24. Rc2 Bh6 25. Qe2 (25. Qe1 $13) 25... Rc8 (25...
Nh5 $2 26. Nxc4) 26. Rb1 {transposes to the game.}) 24. Rab1 Rg6 25. Rc2 Bh6
26. Qe2 Nh5 $2 $138 (26... Bf4 $13) 27. Nb7 $2 (27. Qe5 $1 Nf4 28. Rb8 Rxb8 (
28... Kd7 $2 29. Bb4 $1) 29. Qxb8+ Kd7 30. Bb4 Qe3+ 31. Kh1 Qd3 (31... Qxd4 32.
Qd6+ Kc8 33. Rxc4+ $1 $18) 32. Qd6+ Kc8 33. Rxc4+ Bxc4 34. Qc6+ Kd8 35. Nb7#)
27... Nf4 28. Qe5 Nxg2 $4 (28... Bxb7 29. Rxb7 Nd5 $1 (29... Nxg2 30. Rxg2 Qc1
31. Qe1 $1 $18) 30. Bd2 Bxd2 $1 (30... c3 31. Bxh6 Rxh6 32. Re2 $3 {whites
threats are incredibly strong} Nf6 33. Rxf7 $18) (30... Qd3 31. Qh8+ Bf8 32.
Rcb2 Qa3 33. Rb8 $18) (30... Bg7 $2 31. Rxc4 $1) 31. Rxd2 Rg8 $17) 29. Rxg2
Rxg2+ (29... Qxc3 30. Nd6+ Kd8 31. Qh8+ Ke7 32. Nxc8+ Kd7 33. Ba4+ Kc7 34. Qe5+
{goes to checkmate.}) (29... Bg7 30. Qe1 Rxg2+ 31. Kxg2 Qxa2+ 32. Rb2 $18) 30.
Kxg2 Bxb7 (30... Qxa2+ 31. Rb2 Qa3 32. Nd6+ Kd7 33. Nxc8 Qxc3 34. Qd6+ Kxc8 35.
Rb8#) 31. Rxb7 Qxc3 32. Ba4+ 1-0

[Event "Rubinstein Memorial 38th"]
[Site "Polanica Zdroj"]
[Date "2006.08.28"]
[Round "9"]
[White "Atalik, Suat"]
[Black "Kempinski, Robert"]
[Result "1/2-1/2"]
[WhiteElo "2619"]
[BlackElo "2567"]
[Annotator "Atalik,S"]
[PlyCount "82"]
[EventDate "2006.08.20"]
[EventType "tourn"]
[EventRounds "9"]
[EventCountry "POL"]
[EventCategory "13"]
[SourceTitle "CBM 113 Extra"]
[Source "ChessBase"]
[SourceDate "2006.09.14"]
[SourceVersion "1"]
[SourceVersionDate "2006.09.14"]
[SourceQuality "1"]

1. d4 d5 2. c4 e6 3. Nf3 c6 4. e3 Nf6 5. Bd3 Nbd7 6. Nc3 dxc4 {Draw offer} 7.
Bxc4 b5 8. Bd3 Bd6 {Zviag's move.Interesting but I am very skeptical if white
can get any advantage after this.} 9. Bd2 Bb7 10. Rc1 Qb8 $6 {A really
artificial looking move.} (10... Rc8 $142) 11. Ne4 Nxe4 12. Bxe4 c5 13. Qc2 (
13. Ng5 $2 cxd4 14. Nxf7 Bxe4 15. Nxh8 Nf6 16. f3 dxe3 17. Bxe3 Bd5 $17) 13...
c4 14. O-O $6 {This move loses the advantage.} (14. b3 $142 Nb6 15. O-O $16)
14... Nf6 15. Bxb7 Qxb7 16. b3 Rc8 $1 (16... cxb3 17. axb3 O-O 18. Qc6 $14) 17.
bxc4 Rxc4 18. Qb3 Rxc1 (18... Ra4 19. Rc2 O-O 20. Rfc1 $14) (18... Qc6 $2 19.
a4 a6 20. axb5 axb5 21. Rb1 $16) 19. Rxc1 O-O 20. Bb4 {I was considerin this
to be better for white but things are not clear.} Rc8 21. Rxc8+ Qxc8 22. g3
Bxb4 $6 (22... Qc1+ 23. Kg2 Bc7 $11 {looks more to the point.}) 23. Qxb4 a6 24.
Ne5 Qc7 $6 (24... Nd7 25. Nxd7 Qxd7 26. Qc5 f5 $11) 25. Qa3 a5 26. Qd3 Qb7 (
26... Qc1+ 27. Kg2 Qb2 28. a4 bxa4 29. Qa6 h6 (29... Qb8 $2 30. Qxa5 Qe8 31.
Nd3 $18) 30. Qa8+ Kh7 31. Nxf7 Ng4 32. Qe4+ Kg8 33. Qxg4 Kxf7 34. d5 exd5 35.
Qxa4 Qd2 $11) 27. Qc3 a4 28. Qa5 g6 29. g4 $1 $40 {After some adventures I
have obtained a pressing position.} h6 30. h4 Kg7 31. g5 hxg5 32. hxg5 Nd7 33.
Ng4 Nf8 $2 {This is an unnecessarily passive move.} (33... Qf3 34. Nh6 Nf6 $3
35. Qd8 b4 36. Qb8 b3 37. axb3 axb3 38. gxf6+ Kxh6 39. Qxb3 Qxf6 $11) (33...
Qe4 $2 34. Nh6 Qb1+ 35. Kg2 $16 (35. Kh2 Qf1)) 34. Nf6 $1 {I did not fall in
the trap} (34. Qd8 Nh7 (34... Qf3 35. Ne5 Qf5 36. Qe7 $18) 35. Nh6 Nxg5 $3 36.
Qxg5 f5 $1 37. Kf1 b4 $11) 34... Nh7 35. Ne8+ (35. Qd8 $2 Nxf6 36. gxf6+ Kh6
$11) 35... Kf8 36. Nd6 (36. Qd8 $2 Qe7) 36... Qb8 $2 {Robert goes really wrong
in a more and less equal position.} (36... Qd7 37. Nxb5 (37. Qb4 Kg8 38. f4 Qc6
$132) 37... Nxg5 38. Qxa4 Qd5 39. Nc3 Qf3 40. Kf1 Qh1+ (40... Nh3 41. Nd1) 41.
Ke2 Qf3+ 42. Ke1 Qh1+ 43. Kd2 Qf1 44. Qa8+ Kg7 45. Nd1 Nh3 46. f4 Nf2 $11) 37.
Nxb5 $2 {Stupid!I had to play against Nh7 and his weakened kingside.} (37. Qb4
$1 Kg8 $8 (37... Kg7 $2 38. f4 f6 39. Qc5 b4 40. Qc6 $18) 38. f4 f6 39. gxf6 (
39. Qc5 $6 fxg5 40. Qe5 Nf8 41. Nxb5 Qc8 42. Qc7 Qxc7 43. Nxc7 gxf4 44. exf4
$11) 39... Nxf6 40. Nxb5 Nd5 41. Qc4 g5 42. Kf2 gxf4 43. e4 $18) 37... Nxg5 38.
Qxa4 Qb7 $11 39. Nd6 $6 {Wrong direction.} (39. Nc3 $1 Qf3 $1 (39... Nh3+ $6
40. Kf1 Qh1+ 41. Ke2 Qg2 42. Nd1 $16) 40. Kf1 (40. Nd1 Qe2 $11) 40... Qh1+ 41.
Ke2 Qf3+ 42. Ke1 Qh1+ 43. Kd2 Qf1 44. Qd1 Qxf2+ 45. Qe2 Qf6 46. a4 e5 $11) (39.
Qa5 $2 Nf3+ 40. Kf1 Nh2+ 41. Kg1 $11 (41. Ke2 Qf3+ 42. Kd3 Qxf2 $17)) 39... Qf3
40. Qa5 $4 {After burning all my remaining time I have blundered once again.} (
40. Kf1 Qh1+ (40... Nh3 41. Qc2) 41. Ke2 Qf3+ 42. Ke1 Qh1+ 43. Kd2 Qg2 $11 (
43... Qh2 44. Qa8+ Ke7 45. Qe8+ Kxd6 46. Qd8+ Kc6 47. Qe8+ $11)) 40... Nh3+ $19
{Now white is lost.} 41. Kh2 Qxf2+ $4 {After some time Robert decided to give
perpetual instead of converting his advantage.This brought him a 3 way tied
first place.} (41... Nxf2 42. Qd8+ Kg7 43. Ne8+ Kh7 44. Qh4+ Kg8 45. Qf4 Qh1+
$1 (45... Qe2 $2 46. Kg3 Nh1+ 47. Kh3 $11) (45... Qxf4+ 46. exf4 Kf8 47. Nc7
Ke7 48. d5 $11) (45... Ng4+ $4 46. Qxg4 $18) (45... Qh3+ $2 46. Kg1 Ng4 47. e4
f5 48. exf5 exf5 49. Nd6 $11) 46. Kg3 Nd3 $1 (46... Qg1+ $2 47. Kf3 Nd3 48. Qh6
Qf2+ 49. Kg4 Qg2+ 50. Kh4 $11) 47. Qe4 (47. Qf3 Qg1+ 48. Kh4 Ne1 49. Qe2 Ng2+
50. Kh3 Nxe3 $19) 47... Qe1+ 48. Kg2 Qf2+ 49. Kh3 Ne1 50. Nd6 Nf3 $19 {is not
too difficult to find.}) (41... Qxf2+ 42. Kxh3 Qxe3+ 43. Kg2 Qe2+ 44. Kg3 Qe3+
45. Kg2 $11) 1/2-1/2